000 00927nam a22002297a 4500
003 BD-DhUL
005 20210131124400.0
008 201102s2020 bg a|||| |||| 00| 0 ben
020 _a9789848179192 (hbk)
040 _aBD-DhUL
_cBD-DhUL
082 _a920
_bBIB
100 1 _aবিশ্বাস, রঞ্জনা।
245 0 0 _aবঙ্গবন্ধু ও শেখ রাসেল /
_cরঞ্জনা বিশ্বাস
260 _aঢাকা :
_bতাম্রলিপি,
_c২০২০।
300 _a৮০ পৃ. :
_bচিত্র ;
_c২২ সেমি।
365 _aBDT
_b160.00
490 0 _aবঙ্গবন্ধু জন্মশতবর্ষ গ্রন্থমালা।
504 _aগ্রন্থপঞ্জি: পৃ. ৮০।
600 4 _aরাসেল, শেখ
_xজীবনী।
600 4 _aRussel, Sheikh
_xBiography.
942 _2ddc
_cBK
999 _c252183
_d252183